| 000 | 01206cam a22002535a 4500 | ||
|---|---|---|---|
| 005 | 20240515103641.0 | ||
| 008 | 221128t2022 xxk fo 000 0 eng d | ||
| 020 | _a9781783214556 | ||
| 041 | 0 | _aeng | |
| 050 | 0 | 4 | _a581.65 $2 20 |
| 110 | 2 |
_aRoyal Institution of Chartered Surveyors _94900 |
|
| 245 | 0 | 0 | _aJapanese knotweed and residential property |
| 250 | _a1st | ||
| 260 |
_aLondon _bRICS _c2022 |
||
| 490 | 0 | _aRICS Professional Statement | |
| 490 | 0 | _aRICS Guidance Note | |
| 520 | _aFocuses on the problems that Japanese Knotweed has been causing in residential property and provides information on the damage it can cause and how to treat it. | ||
| 520 | _aThis document was originally published in January 2022 as an RICS guidance note and reissued in October 2022 as an RICS professional standard. | ||
| 520 | _aSupersedes Information Paper of the same title, but as this 2022 title is a Professional Statement it is also a first edition, ISBN 9781842197677 | ||
| 650 | 2 | 4 | _aJAPANESE KNOTWEED |
| 651 | 4 | _aENGLAND AND WALES | |
| 856 | 4 | 1 |
_uhttps://www.rics.org/content/dam/ricsglobal/documents/standards/Japanese%20knotweed_October%202022.pdf _zAvailable on RICS.org |
| 942 |
_n0 _2ddc |
||
| 999 |
_c121892 _d121892 |
||